LIBRARY & INFORMATION CENTRE, KCAET, TAVANUR

ONLINE PUBLIC ACCESS CATALOGUE (OPAC)

Water Supply Engineering: Environmental Engineering- 1 (Record no. 14160)

MARC details
000 -LEADER
fixed length control field 00343nam a22001217a 4500
020 ## - INTERNATIONAL STANDARD BOOK NUMBER
ISBN 9788131807033
082 ## - DEWEY DECIMAL CLASSIFICATION NUMBER
Classification number 628.1
Item number PUN/WA
100 ## - MAIN ENTRY--AUTHOR NAME
Personal name Punmia,B C
-- Ashok Kumar Jain
-- Arun K Jain
245 ## - TITLE STATEMENT
Title Water Supply Engineering: Environmental Engineering- 1
260 ## - PUBLICATION, DISTRIBUTION, ETC. (IMPRINT)
Place of publication New Delhi
Name of publisher Llaxmi Publications
Year of publication 2012
300 ## - PHYSICAL DESCRIPTION
Number of Pages 584
942 ## - ADDED ENTRY ELEMENTS (KOHA)
Koha item type Books
Holdings
Withdrawn status Lost status Damaged status Home library Current library Shelving location Date acquired Full call number Accession Number Koha item type
      KAUAET KAUAET General Stacks 01/11/2018 628.1 PUN/WA 23645 Books
free website counter